The social dimension : employment policy in the European Community

Αποθηκεύτηκε σε:
Λεπτομέρειες βιβλιογραφικής εγγραφής
Άλλοι συγγραφείς: Gold, Michael (Επιμελητής έκδοσης)
Μορφή: Βιβλίο
Γλώσσα:English
Δημοσίευση: Hampshire : Macmillan Press, c1993
Θέματα:
Ετικέτες: Προσθήκη ετικέτας
Δεν υπάρχουν, Καταχωρήστε ετικέτα πρώτοι!

MARC

LEADER 00000nam a2200000 i 4500
001 1/26522
008 981217s1993 eng d
020 |a 0-333-57319-6 
035 |l 10037600 
040 |a GR-MY-UA  |b gre  |e aacr 
041 0 |a eng 
082 0 |a 331.094 
245 1 4 |a The social dimension :  |b employment policy in the European Community /  |c edited by Michael Gold 
260 |a Hampshire :   |b Macmillan Press,   |c c1993 
300 |a 276 p. 
504 |a Bibliography: p. 258-267: Includes index 
650 0 0 |a Industrial relations  |z European Economic Community countries. 
650 0 0 |a Labor policy  |z European Economic Community countries. 
651 0 |a European Economic Community countries  |x Social policy. 
651 0 |a Europe  |x Economic integration  |x Social aspects. 
700 1 |a Gold, Michael.  |4 edt 
852 |a INST  |b LESVOS  |e 19981217  |h 331.094 SOC  |p 005100017197  |q 005100017197  |t BK  |y 0 
901 |a BIBL-1999-1 
909 |a Λ  |b 060846 
922 |a 1ΕΛΗ  |b 199811  |c ΚΠΣ/ΤΚ  |d ΠΑΠΑΣΩΤΗΡΙΟΥ 
950 |a 103-1998-07-27